Statistics for Abkhazia, Artsakh or South Ossetia

Click here to take the quiz!

General Stats

  • This quiz has been taken 169 times
  • The average score is 6 of 10

Answer Stats

QuestionAnswer% Correct
Its existence is the result of the Nagorno-Karabakh War.Artsakh
88%
Is not on Georgia's territory.Artsakh
87%
It borders the Black Sea.Abkhazia
81%
Its capital is Sukhumi.Abkhazia
79%
Has a hand on its flag.Abkhazia
73%
Are recognized by some sovereign countries.Abkhazia and South Ossetia
59%
Is wedge-shaped.Abkhazia
49%
Is the largest.Artsakh
46%
Declared independence first.South Ossetia
22%
Does not have its own currency.South Ossetia
20%

Score Distribution

Percentile by Number Answered

Percent of People with Each Score

Your Score History

You have not taken this quiz